National hara-kiri? (Record no. 85938)

MARC details
000 -LEADER
fixed length control field 00924cam a2200265 4500
001 - CONTROL NUMBER
control field sa 68014658
003 - CONTROL NUMBER IDENTIFIER
control field DLC
005 - DATE AND TIME OF LATEST TRANSACTION
control field 20260227112633.0
008 - FIXED-LENGTH DATA ELEMENTS--GENERAL INFORMATION
fixed length control field 700211s1968 ii a 00010 eng
010 ## - LIBRARY OF CONGRESS CONTROL NUMBER
LC control number sa 68014658 //r915
025 ## - OVERSEAS ACQUISITION NUMBER
Overseas acquisition number PL480:I-E-10735
040 ## - CATALOGING SOURCE
Original cataloging agency DLC
Transcribing agency DLC
Modifying agency DLC
043 ## - GEOGRAPHIC AREA CODE
Geographic area code e-ur---
-- a-pk---
050 00 - LIBRARY OF CONGRESS CALL NUMBER
Classification number HF1590.15.R8
Item number J3
082 00 - DEWEY DECIMAL CLASSIFICATION NUMBER
Classification number 382/.0954/047
100 10 - MAIN ENTRY--PERSONAL NAME
Personal name Jain, A. P.
Fuller form of name (Ajit Pershad),
Dates associated with a name 1933-
Relator term comp.
245 10 - TITLE STATEMENT
Title National hara-kiri?
Remainder of title Russian arms aid to Pakistan, rupee payment trade [and] dovetailing of the Fourth plan.
Statement of responsibility, etc. Edited by A. P. Jain.
260 0# - PUBLICATION, DISTRIBUTION, ETC.
Place of publication, distribution, etc. New Delhi,
Name of publisher, distributor, etc. Society for Parliamentary Studies
Date of publication, distribution, etc. [1968]
300 ## - PHYSICAL DESCRIPTION
Extent v, 48 p.
Other physical details illus.
Dimensions 22 cm.
350 ## - PRICE (NR) (BK AM CF MU VM SE) [OBSOLETE]
Price 1.00
500 ## - GENERAL NOTE
General note Cover title.
651 #0 - SUBJECT ADDED ENTRY--GEOGRAPHIC NAME
Geographic name India
General subdivision Foreign economic relations
Geographic subdivision Soviet Union.
651 #0 - SUBJECT ADDED ENTRY--GEOGRAPHIC NAME
Geographic name Soviet Union
General subdivision Foreign economic relations
Geographic subdivision India.
650 #0 - SUBJECT ADDED ENTRY--TOPICAL TERM
Topical term or geographic name entry element Military assistance, Soviet
Geographic subdivision Pakistan.

No items available.

Powered by Koha